00332nam a2200133Ia 45000030006000000080041000060400015000471000024000622450064000862500010001502600009001605460012001690050017001810STCL150530s9999 xx 000 0 und d aSTCLcSTCL aHamilton Howard, L. aLillies development of the chick introduction to embryology aThird c1952 aEnglish20220125170447.0